Manorama Yearbook 2025/ (Record no. 12096)

MARC details
000 -LEADER
fixed length control field 00542nam a22001937a 4500
005 - DATE AND TIME OF LATEST TRANSACTION
control field 20260515115055.0
008 - FIXED-LENGTH DATA ELEMENTS--GENERAL INFORMATION
fixed length control field 250304b |||||||| |||| 00| 0 eng d
020 ## - INTERNATIONAL STANDARD BOOK NUMBER
International Standard Book Number 978935959987
040 ## - CATALOGING SOURCE
Original cataloging agency IN-DiNC
Transcribing agency IN-DiNC
041 ## - LANGUAGE CODE
Language code of sung or spoken text eng
082 ## - DEWEY DECIMAL CLASSIFICATION NUMBER
Classification number 050
Item number MAT
100 ## - MAIN ENTRY--PERSONAL NAME
Personal name Mathew, Mammen
Relator term Editor
245 ## - TITLE STATEMENT
Title Manorama Yearbook 2025/
Statement of responsibility, etc. Mammen Mathew and Philip Mathew
260 ## - PUBLICATION, DISTRIBUTION, ETC.
Place of publication, distribution, etc. Kerala:
Name of publisher, distributor, etc. The malayala manorana co private limited,
Date of publication, distribution, etc. 2025.
300 ## - PHYSICAL DESCRIPTION
Extent 1007p.
650 ## - SUBJECT ADDED ENTRY--TOPICAL TERM
Topical term or geographic name entry element Yearbook
700 ## - ADDED ENTRY--PERSONAL NAME
Personal name Philip Mathew
Relator term Editor
942 ## - ADDED ENTRY ELEMENTS (KOHA)
Source of classification or shelving scheme Dewey Decimal Classification
Koha item type Books
Holdings
Withdrawn status Lost status Source of classification or shelving scheme Damaged status Not for loan Collection Home library Current library Shelving location Date acquired Cost, normal purchase price Total checkouts Full call number Barcode Date last seen Copy number Price effective from Koha item type
    Dewey Decimal Classification       Naharkatiya College Library Naharkatiya College Library General stacks 03/04/2025 350.00   050 MAT 30732 03/04/2025 1 03/04/2025 Books